| 000 | 00663nam a2200241Ia 4500 | ||
|---|---|---|---|
| 008 | 180523s9999 xx 000 0 und d | ||
| 020 | _a1-55591-081-5 | ||
| 050 | _aMAIN GV 854.5 | ||
| 050 | _b.R62W35 1992 | ||
| 100 | _aWalter, Claire. | ||
| 245 | 0 | _aRocky mountain skiing / | |
| 245 | 0 | _cClaire Walter. | |
| 260 | _aUSA : | ||
| 260 | _bFulcrum Publishing, | ||
| 260 | _c1992 | ||
| 300 | _a397 pages : | ||
| 300 | _billustrations ; | ||
| 300 | _c23 cm. | ||
| 500 | _aIncludes index. | ||
| 650 | _aSki resorts -- Rocky mountains -- Directories. | ||
| 650 | _aSkiing -- Rocky mountains -- Guidebooks. | ||
| 650 | _xRocky mountains -- Guidebooks. | ||
| 999 |
_c356735 _d356735 |
||